Alerta roja [juego] /
Guardado en:
| Formato: | Objeto Físico |
|---|---|
| Publicado: |
Argentina :
Ruibal,
[199?]
|
| Materias: | |
| Etiquetas: |
Agregar Etiqueta
Sin Etiquetas, Sea el primero en etiquetar este registro!
|
| LEADER | 00850nrm a22001695g 4500 | ||
|---|---|---|---|
| 001 | CEM.cems019206 | ||
| 008 | 130507b199?##################0###0#####d | ||
| 005 | 20220829205931.0 | ||
| 003 | CEMS | ||
| 245 | 0 | 0 | |a Alerta roja [juego] / |c Cefa |
| 260 | |a Argentina : |b Ruibal, |c [199?] | ||
| 300 | |a 1 juego (1 tablero, base de seguimiento, 5 agentes secretos, 1 barril radiactivo, 39 fichas negras-coche, 29 fichas azules-lancha, 18 fichas naranja-submarino, 5 fichas violeta-interferencia, 13 fichas azul marino-sector signado, 1 ficha rojo-tramp.a) ; en caja 26 x 26 x 5 cm. + manual de instrucciones | ||
| 500 | |a Para 3 a 6 jugadores a partir de 10 años y adultos objetivo:localizar el bidón radiactivo. | ||
| 082 | 0 | 4 | |a J793.93 |
| 653 | |a 1. juegos de misterio | ||
| 653 | |a 2. juegos de ciencia ficción | ||
| 859 | |a CEMS |b BIB. CEMS - Ludoteca |h J793.93 |i C328 |p 104.96 |t Ej.1 | ||
